| 000 | 00492cam a2200181ua 4500 | ||
|---|---|---|---|
| 020 | _cRs 1.00 | ||
| 041 |
_amal _h |
||
| 082 |
_a894.812 308 _bSAR/PA |
||
| 100 | _aSarath Chandra, Chatterjee . | ||
| 245 |
_aParineetha / _cSarath Chandra Chatterjee. _hTextual Documents |
||
| 260 |
_aKottayam : _bSahitya Pravarthaka Co-operative Society , _c1961. |
||
| 300 | _a100 ; . | ||
| 365 | _aRs 1.00 | ||
| 504 | _a | ||
| 650 | _aFiction - Malayalam | ||
| 942 | _cBK | ||
| 999 |
_c521 _d521 |
||